01310cam a22003614i 4500003000900000005001700009008004100026020001500067035002700082040003300109082001700142100002700159245011900186264004400305300005500349336002100404337002500425338002300450504002600473505032900499526001000828526001000838526001000848526001000858526000800868526000800876526000800884526000800892526000800900526000800908526000800916650002400924PE-LiUPU20250731173304.0150616s1982 sp a r 000 0 spa d a8470573101 a(Sirsi) i9788470573101 aPE-LiUPUbspacPE-LiUPUerda04a270bL842211 aLortz, Joseph,eautor.10aHistoria de la iglesia: en la perspectiva de la historia del pensamiento moderno II: Edad moderna y contemporanea. 1aMadrid :bEdiciones Cristiandad,c1982. a732 páginas :bilustraciones ;c24 centímetros atext2rdacontent aunmediated2rdamedia avolume2rdacarrier aNotas Bibliograficas.0 aEdad moderna: La iglesia frente a una cultura Autónoma. Primera epoca : Fidelidad a la revelación. Desde 1450 hasta la Ilustración. Los fundamentos: Renacimiento y Humanismo -- Hostilidad a la revelación. De la ilustración al mundo actual -- Las iglesias orientales -- Edad contemporanea: cambios y perspectivas. aSEG42 aSEG41 aSEG40 aSEG39 aP94 aP87 aP86 aP85 aP77 aP76 aP3504aIglesia - Historia.